<?xml version="1.0" encoding="UTF-8"?>
<collection xmlns="http://www.loc.gov/MARC21/slim">
 <record>
  <leader>01557nam a2200217Ia 4500</leader>
  <controlfield tag="001">CTU_119556</controlfield>
  <controlfield tag="008">210402s9999    xx            000 0 und d</controlfield>
  <datafield tag="020" ind1=" " ind2=" ">
   <subfield code="c">14000</subfield>
  </datafield>
  <datafield tag="082" ind1=" " ind2=" ">
   <subfield code="a">515.353</subfield>
  </datafield>
  <datafield tag="082" ind1=" " ind2=" ">
   <subfield code="b">H513</subfield>
  </datafield>
  <datafield tag="100" ind1=" " ind2=" ">
   <subfield code="a">Nguyễn, Mạnh Hùng</subfield>
  </datafield>
  <datafield tag="245" ind1=" " ind2="0">
   <subfield code="a">Bài toán biên thứ nhất đối với hệ Parabolic trong hình trụ với biên không trơn :</subfield>
  </datafield>
  <datafield tag="245" ind1=" " ind2="0">
   <subfield code="b">Giáo trình Sau đại học</subfield>
  </datafield>
  <datafield tag="245" ind1=" " ind2="0">
   <subfield code="c">Nguyễn Mạnh Hùng, Phạm Triều Dương</subfield>
  </datafield>
  <datafield tag="260" ind1=" " ind2=" ">
   <subfield code="a">Hà Nội</subfield>
  </datafield>
  <datafield tag="260" ind1=" " ind2=" ">
   <subfield code="b">Đại học Sư phạm Hà Nội</subfield>
  </datafield>
  <datafield tag="260" ind1=" " ind2=" ">
   <subfield code="c">2006</subfield>
  </datafield>
  <datafield tag="520" ind1=" " ind2=" ">
   <subfield code="a">Cuốn sách chuyên khảo về &quot;Bài toán biên thứ nhất đối với hệ parabolic trong hình trụ với biên không trơn&quot; được viết trên cơ sở các kết quả đã và đang nghiên cứu của seminar phương trình đạo hàm riêng thuộc bộ môn Giải tích của Khoa Toán - Tin, trường Đại học sư phạm Hà Nội. Cuốn sách được viết trước tiên cho trụ hữu hạn [2, 3, 38-39, 45-46, 50] sau đó chuyển sang trụ vô hạn [22-24]. Phương pháp nghiên cứu cơ bản được đưa ra ở đây là phương pháp Galerkin và phương pháp chuyển về bài toán eliptic đã được nghiên cứu [11, 13, 17-21, 35-37, 41-44, 47]</subfield>
  </datafield>
  <datafield tag="650" ind1=" " ind2=" ">
   <subfield code="a">Differential equations</subfield>
  </datafield>
  <datafield tag="904" ind1=" " ind2=" ">
   <subfield code="i">Hiếu</subfield>
  </datafield>
  <datafield tag="980" ind1=" " ind2=" ">
   <subfield code="a">Trung tâm Học liệu Trường Đại học Cần Thơ</subfield>
  </datafield>
 </record>
</collection>
